Commentariorvm de bello Gallico libri VIII. : Civili Pompeiano lib. III. Alexandrino lib. I. Africo liber I. Hispaniensi lib. I. Pictura totius Galliae, Hispaniae, Pontis in Rheno, Auarici, Alexiae, Vxelloduni, Massiliae, per Iucundum Veronensem, ex descriptione Caesaris. Veterum Galliae locorum, populorum, vrbium, montium, ac fluuiorum breuis descriptio. Cvm Indice locvpletissimo /

Hlavní autor: Caesar, Gaius Iulius, 100 př. Kr.-44 př. Kr.
Další autoři: Marlianus, Raimundus, 1420-1475, Giocondo, Giovanni da Verona, 1433-1515
Jazyk: Latina
Vydáno: Coloniae Agrippinae : Petrus Horst, 1579
Témata:
Externí odkaz: Digitalizovaný dokument (exemplář Bayerische Staatsbibliothek, sign. A.lat.b. 128)
Fyzický popis: [14], 554, [69] s. ; 8°
Knihy
Uloženo v:
LEADER 02279nam a22004097a 4500
001 mzk03001026029
003 CZ BrMZK
005 20181127184509.0
007 ta
008 050721s1579 gw ab fr|||||00| ||latod
040 |a BOA001  |b cze  |c BOA001 
072 7 |a 094  |x Staré tisky  |2 Konspekt  |9 12 
080 |a (0.068)094  |2 MRF 
100 1 |a Caesar, Gaius Iulius,  |d 100 př. Kr.-44 př. Kr.  |7 jn19981000434  |4 aut 
245 1 0 |a Commentariorvm de bello Gallico libri VIII. :  |b Civili Pompeiano lib. III. Alexandrino lib. I. Africo liber I. Hispaniensi lib. I. Pictura totius Galliae, Hispaniae, Pontis in Rheno, Auarici, Alexiae, Vxelloduni, Massiliae, per Iucundum Veronensem, ex descriptione Caesaris. Veterum Galliae locorum, populorum, vrbium, montium, ac fluuiorum breuis descriptio. Cvm Indice locvpletissimo /  |c C. Iulii Caesaris 
260 |a Coloniae Agrippinae :  |b Petrus Horst,  |c 1579 
300 |a [14], 554, [69] s. ;  |c 8° 
500 |a Výzdoba: Signet, iniciály, dřevořezy (též mapy) 
510 3 |a GBV (Gemeinsamer Bibliotheksverbund) 
510 4 |a VD16,  |c C 49  |u http://gateway-bayern.de/VD16+C+49 
561 |a Provenience: Ex libris Joannis Jacobi Milstetteri a Mauin 
561 |a Provenience: Georgius Emiz Sacrae Poeseos Auditor est uerus possessor huius libri [16. stol.] 
561 |a Provenience: [exlibris] Ex Bibliotheca Augustiniani Conventus Generalis Viennensis ad SS. Sebastianum & Rochum in via Regia 
563 |a Vazba původní kožená, dřevěné desky, světlá vepřovice se slepotiskovou výzdobou, orámování hlavičky bez legend, uprostřed desek ornament 
655 7 |a staré tisky  |7 fd422076  |2 czenas 
700 1 |a Marlianus, Raimundus,  |d 1420-1475  |7 mzk2009511202  |4 oth 
700 1 |a Giocondo, Giovanni da Verona,  |d 1433-1515  |7 mzk2009511683  |4 oth 
856 4 2 |u http://mdz-nbn-resolving.de/urn:nbn:de:bvb:12-bsb10995686-7  |y Digitalizovaný dokument  |z exemplář Bayerische Staatsbibliothek, sign. A.lat.b. 128 
903 |a RP 
910 |a BOA001  |b G-0000.183 
978 |b Horst, Peter  |a Köln a.R.  |c 1579 
984 |a Kolín nad Rýnem  |b Německo 
985 |a 1551-1600 
990 |a BK 
993 |a Y 
991 |k mzk 
996 6 |b 2610420570  |c G-0000.183  |l stud. ST  |r Sklad / do násl. otevíracího dne  |n 0  |w 001074420  |u 000010  |a 1  |e BOA001  |s P